Devices and basic circuits (Part-I) - (E-BOOK) (Record no. 192357)
[ view plain ]
| 000 -LEADER | |
|---|---|
| fixed length control field | 00596 a2200157 4500 |
| 003 - CONTROL NUMBER IDENTIFIER | |
| control field | Nust |
| 005 - DATE AND TIME OF LATEST TRANSACTION | |
| control field | 20170207154035.0 |
| 040 ## - CATALOGING SOURCE | |
| Transcribing agency | Nust |
| 082 ## - DEWEY DECIMAL CLASSIFICATION NUMBER | |
| Classification number | 621.3822 |
| 245 ## - TITLE STATEMENT | |
| Title | Devices and basic circuits (Part-I) - (E-BOOK) |
| 260 ## - PUBLICATION, DISTRIBUTION, ETC. | |
| Place of publication, distribution, etc. | New York |
| 300 ## - PHYSICAL DESCRIPTION | |
| Extent | 1648 p. |
| 505 ## - FORMATTED CONTENTS NOTE | |
| Formatted contents note | Chapter 1 Signals And Amplifiers(Page-4), Chapter 2 Operational Amplifiers (Page-52), Chapter 3 Semiconductors (Page-124), Chapter 4 Diodes (Page-164), Chapter 5 Mos Field-Effect Transistors (Mosfets) (Page-230), Chapter 6 Bipolar Junction Transistors (Bjts) (Page-350). |
| 650 ## - SUBJECT ADDED ENTRY--TOPICAL TERM | |
| Topical term or geographic name entry element | Basic circuits |
| 651 ## - SUBJECT ADDED ENTRY--GEOGRAPHIC NAME | |
| Geographic name | E-BOOK |
| 942 ## - ADDED ENTRY ELEMENTS (KOHA) | |
| Source of classification or shelving scheme | |
| Koha item type | Book |
| Withdrawn status | Lost status | Source of classification or shelving scheme | Damaged status | Not for loan | Collection code | Permanent Location | Current Location | Date acquired | Total Checkouts | Full call number | Barcode | Date last seen | Price effective from | Koha item type |
|---|---|---|---|---|---|---|---|---|---|---|---|---|---|---|
| Military College of Signals (MCS) | Military College of Signals (MCS) | 12/12/2016 | 621.3822 DEV | MCSEB-1263 | 12/08/2016 | 12/12/2016 | Book |
